01930nam a2200481 i 450000100060000000300080000600500170001400600190003100700150005000800410006502000270010602000180013303500230015103500240017403500250019803500220022304000310024505000260027608000070030208200230030910000220033224501790035426400510053330000410058433600310062533700330065633800430068949000310073250000220076350400290078558801270081459001640094165000370110565000240114265000490116665100330121565500270124870000430127579700190131883000320133785600620136999900170143136967FlNmELB20241216221448.0m o d | cr cnu||||||||150102s2010 pe ob 001 0 spa d a9781413559262 (e-book) z9789972512605 a(MiAaPQ)EBC3226236 a(Au-PeEL)EBL3226236 a(CaPaEBR)ebr10995403 a(OCoLC)1105893949 aFINmELBbspaerdacFINmELB 4aHV5840.P4b.G659 2010 a330 a338.47615323792231 aGootenberg, Paul.13aLa invención de la cocaína :bla historia olvidada de Alfredo Bignon y la ciencia nacional peruana, 1884-1890 /cPaul Gootenberg ; traducido por Magally Alegre-Henderson. 1aLima :bInstituto de Estudios Peruanos,c2010. a1 recurso en línea (120 páginas) atextobtxt2rdacontent/spa acomputadorabc2rdamedia/spa arecurso en líneabcr2rdacarrier/spa1 aColección mínima ;v63 aIncluye índice. aContiene bibliografía. aDescripción basada en recurso en línea; Título de la página del título en PDF (e-libro, visto January 02, 2015). aRecurso electrónico. Santa Fe, Arg.: e-libro, 2015. Disponible vía World Wide Web. El acceso puede estar limitado para las bibliotecas afiliadas a e-libro. 0aCocaine industryzPeruxHistory. 0aDrug trafficzPeru. 4aIndustria de la cocaínazPerúxHistoria. 4aTráfico de drogaszPerú. 4aLibros electrónicos.1 aAlegre-Henderson, Magally,etraductor.2 ae-libro, Corp. 0aColección mínima ;v63.40uhttps://elibro.net/ereader/politecnicointernacional/79430 c36967d36967